00729cam a2200229 i 450000100070000000500170000700800410002401000170006502000150008204000180009704300120011505000210012708200100014810000330015824500830019126000540027430000250032850000200035365000370037365100360041065100530044683297320170619150139.0770512s1978 ctu 001 0 eng  a 77076305  a0300021496 aDLCcDLCdDLC af-sj---00aDT155.2.D56bD4600a962.41 aDeng, Francis Mading,d1938-10aAfricans of two worlds :bthe Dinka in Afro-Arab Sudan /cFrancis Mading Deng. aNew Haven, Conn. :bYale University Press,c1978. axx, 244 p. ;c22 cm. aIncludes index. 0aDinka (African people)xHistory. 0aSudanxPolitics and government. 0aDinka (African people)xPolitics and government.